Los costos monetarios de la violencia
Wedi'i Gadw mewn:
| Fformat: | Texto |
|---|---|
| Pynciau: | |
| Tagiau: |
Ychwanegu Tag
Dim Tagiau, Byddwch y cyntaf i dagio'r cofnod hwn!
|
MARC
| LEADER | 00000 a a2200000 04500 | ||
|---|---|---|---|
| 001 | 6278 | ||
| 003 | |||
| 040 | |||
| 245 | |a Los costos monetarios de la violencia | ||
| 650 | |a VIOLENCIA | ||
| 650 | |a ANALISIS DE COSTOS | ||
| 650 | |a COSTOS | ||
| 773 | |g volumen 19, número 849; páginas 10-12 | ||
| 999 | |c 36371 |d 36371 | ||
